Cervantes. (Record no. 177377)

MARC details
000 -LEADER
campo de control de longitud fija 00836nam a22002295i 4500
001 - NÚMERO DE CONTROL
campo de control 177377
003 - IDENTIFICADOR DE NÚMERO DE CONTROL
campo de control ES-MaACL
005 - FECHA Y HORA DE LA ÚLTIMA TRANSACCIÓN
campo de control 20240224062545.0
008 - DATOS DE LONGITUD FIJA--INFORMACIÓN GENERAL
campo de control de longitud fija 110318s1997 sp a |||| | spa d
020 ## - NÚMERO INTERNACIONAL ESTÁNDAR DEL LIBRO
Número Internacional Estándar del Libro 84-8156-145-2
080 ## - NÚMERO DE LA CLASIFICACIÓN DECIMAL UNIVERSAL
Número de la Clasificación Decimal Universal 929 Cervantes Saavedra, Miguel de
245 00 - MENCIÓN DEL TÍTULO
Título Cervantes.
260 ## - PUBLICACIÓN, DISTRIBUCIÓN, ETC.
Lugar de publicación, distribución, etc. [Madrid] :
Nombre del editor, distribuidor, etc. Ministerio de Educación y Cultura [etc.],
Fecha de publicación, distribución, etc. D. L. 1997.
300 ## - DESCRIPCIÓN FÍSICA
Extensión 14 p. :
Otras características físicas il. bl. y n. ;
Dimensiones 24 cm.
505 80 - NOTA DE CONTENIDO CON FORMATO
Nota de contenido con formato Contiene: Cervantes / Pablo Jauralde Pou. Cronología de Miguel de Cervantes Saavedra / Florencio Sevilla Arroyo
600 14 - PUNTO DE ACCESO ADICIONAL DE MATERIA--NOMBRE DE PERSONA
Nombre de persona Cervantes Saavedra, Miguel de,
Fechas asociadas al nombre 1547-1616
9 (RLIN) 226514
700 0# - ENTRADA AGREGADA--NOMBRE PERSONAL
Nombre de persona Jauralde Pou, Pablo.
9 (RLIN) 66184
700 0# - ENTRADA AGREGADA--NOMBRE PERSONAL
Nombre de persona Sevilla Arroyo, Florencio.
9 (RLIN) 105935
740 02 - ENTRADA AGREGADA--TÍTULO RELACIONADO/ANALÍTICO NO CONTROLADO
Título relacionado o analítico no controlado Cronología de Miguel de Cervantes Saavedra.
852 ## - LOCALIZACIÓN
Ubicación ES-MaACL
Número de control de estantería 2276-F-4
Holdings
Estatus retirado Estado de pérdida Estado de daño No para préstamo Colección Biblioteca de origen Biblioteca actual Ubicación en estantería Fecha de adquisición Fuente de adquisición Total de préstamos Signatura topográfica completa Código de barras Visto por última vez Precio de reemplazo Tipo de ítem Koha
        Colección de folletos Biblioteca del Ateneo de Madrid Biblioteca del Ateneo de Madrid Depósito folletos 18/03/2011     2276-F-4 1186298 23/02/2023 23/02/2023 Folleto